Hóa học phân tích
Nội dung giới thiệu về cân bằng Ion trong dung dịch nước. Một số phương pháp định lượng hóa học và giới thiệu các phương pháp phân tích công cụ.
Gardado en:
| Autor Principal: | |
|---|---|
| Formato: | Libro |
| Idioma: | Undetermined |
| Publicado: |
Hà Nội
Đại học Quốc gia Hà Nội
2000
|
| Những chủ đề: | |
| Các nhãn: |
Engadir etiqueta
Sen Etiquetas, Sexa o primeiro en etiquetar este rexistro!
|
| Thư viện lưu trữ: | Trung tâm Học liệu Trường Đại học Cần Thơ |
|---|
| LEADER | 00757nam a2200193Ia 4500 | ||
|---|---|---|---|
| 001 | CTU_42070 | ||
| 008 | 210402s9999 xx 000 0 und d | ||
| 082 | |a 543 | ||
| 082 | |b H309 | ||
| 100 | |a Trần, Tứ Hiếu | ||
| 245 | 0 | |a Hóa học phân tích | |
| 245 | 0 | |c Trần Tứ Hiếu | |
| 260 | |a Hà Nội | ||
| 260 | |b Đại học Quốc gia Hà Nội | ||
| 260 | |c 2000 | ||
| 520 | |a Nội dung giới thiệu về cân bằng Ion trong dung dịch nước. Một số phương pháp định lượng hóa học và giới thiệu các phương pháp phân tích công cụ. | ||
| 650 | |a Chemistry, analytic | ||
| 904 | |i Qhieu | ||
| 980 | |a Trung tâm Học liệu Trường Đại học Cần Thơ | ||